Applying telecommunications and technology from a global business perspectives

Αποθηκεύτηκε σε:
Λεπτομέρειες βιβλιογραφικής εγγραφής
Κύριος συγγραφέας: Zajas, Jay J. R.
Άλλοι συγγραφείς: Church, Olive D.
Μορφή: Βιβλίο
Γλώσσα:English
Δημοσίευση: New York : The Haworth Press, c1997
Θέματα:
Ετικέτες: Προσθήκη ετικέτας
Δεν υπάρχουν, Καταχωρήστε ετικέτα πρώτοι!

MARC

LEADER 00000nam a2200000 i 4500
001 1/105095
008 000210s1997 eng d
020 |a 07890-0199-3 
035 |l 10059104 
040 |a GR-MY-UA  |b gre  |e aacr 
041 0 |a eng 
082 0 |a 658.84 
100 0 |a Zajas, Jay J. R. 
245 1 0 |a Applying telecommunications and technology from a global business perspectives /  |c Jay J.R.Zagas; Olive D. Church 
260 |a New York :   |b The Haworth Press,   |c c1997 
300 |a xvi, 378 p. 
504 |a Includes bibliography and index 
650 0 0 |a Business  |x Communication systems  |x Data processing. 
650 0 0 |a Telephone in business. 
650 0 0 |a Telemarketing. 
700 1 |a Church, Olive D. 
852 |a INST  |b CHIOS  |e 20000323  |h 658.84 ZAJ  |p 005200018136  |q 005200018136  |t BK  |y 0 
852 |a INST  |b CHIOS  |e 20000210  |h 658.84 ZAJ  |p 005200019024  |q 005200019024  |t BK  |y 4  |x 20191121 
901 |a BIBL2-2000-1 
909 |a Χ  |b 074102 
909 |a Χ  |b 076779 
922 |a 2ΕΛΗ  |b 200003  |c ΤΝΕΥ  |d ΠΑΠΑΣΩΤΗΡΙΟΥ 
922 |a 2ΕΛΗ  |b 200001  |c ΤΝΕΥ  |d ΠΑΠΑΣΩΤΗΡΙΟΥ 
950 |a 125-1999-07-15 
970 |a ΣΑΛΑΜΟΥΡΑ  |b ΜΑΡΙΑ  |z 2000/02/11